The politics of islamic finance / (Record no. 346548)
[ view plain ]
| 000 -LEADER | |
|---|---|
| fixed length control field | 02281 a2200205 4500 |
| 003 - CONTROL NUMBER IDENTIFIER | |
| control field | OSt |
| 005 - DATE AND TIME OF LATEST TRANSACTION | |
| control field | 20180116182821.0 |
| 008 - FIXED-LENGTH DATA ELEMENTS--GENERAL INFORMATION | |
| fixed length control field | 160426b xxu||||| |||| 00| 0 eng d |
| 020 ## - INTERNATIONAL STANDARD BOOK NUMBER | |
| International Standard Book Number | 019597980X (hardcover) |
| 020 ## - INTERNATIONAL STANDARD BOOK NUMBER | |
| International Standard Book Number | 9780195979800 (hardcover) |
| 040 ## - CATALOGING SOURCE | |
| Transcribing agency | 0 |
| 100 ## - MAIN ENTRY--PERSONAL NAME | |
| Personal name | Clement M. |
| 245 14 - TITLE STATEMENT | |
| Title | The politics of islamic finance / |
| Statement of responsibility, etc. | Clement M. Henry. |
| 260 ## - PUBLICATION, DISTRIBUTION, ETC. | |
| Place of publication, distribution, etc. | [S.l.] : |
| Name of publisher, distributor, etc. | Oxford University Press, |
| Date of publication, distribution, etc. | 2004. |
| 300 ## - PHYSICAL DESCRIPTION | |
| Extent | 307 p. |
| 520 ## - SUMMARY, ETC. | |
| Summary, etc. | Can the contemporary Islamic finance movement be shown to meet the requirements of modern commerce? In the wake of the terrorist attacks on America the UN Security Council passed a resolution targeting transnational sources of terrorist funds. The United States and the International Monetary Fund are encouraging the governments of the Middle East to adopt policies of economic liberalism and a new type of capitalism, based on Islamic values and beliefs, is emerging. The aims of the book are: to explore the political implications of the slow but steady accumulation of Islamic capital to analyse the connections between Islamic finance and Islamic political movements in Middle Eastern and North African countries to show that the commonly-perceived connection between Islamic finance and money laundering and terrorism is by no means the complete picture. Readers will learn to appreciate the various political contexts in which Islamic finance operates in the Middle East and North Africa and will acquire some understanding of its political as well as economic constraints. Hopefully possible misunderstandings about Islamic banking and finance will be corrected. The book is divided into two parts - part one is thematic and lays the ground for the country-specific case studies in part two (covering the Sudan, Kuwait, Jordan, Turkey, Tunisia and Egypt). The contributors include political scientists, economists and historians. Key Features: A major topical issue Written by the world's leading experts on Islamic Political Economy Explores the connections between Islamic finance and Islamic political movements Includes country-specific case studies. |
| 700 1# - ADDED ENTRY--PERSONAL NAME | |
| Personal name | Henry, Clement M. |
| 856 40 - ELECTRONIC LOCATION AND ACCESS | |
| Materials specified | Amazon.com |
| Uniform Resource Identifier | <a href="http://www.amazon.com/exec/obidos/ASIN/019597980X/chopaconline-20">http://www.amazon.com/exec/obidos/ASIN/019597980X/chopaconline-20</a> |
| 942 ## - ADDED ENTRY ELEMENTS (KOHA) | |
| Institution code [OBSOLETE] | NBS |
| Koha item type | Book |
| Call number prefix | 332.1091 HEN |
| Source of classification or shelving scheme | |
| Withdrawn status | Lost status | Damaged status | Not for loan | Permanent Location | Current Location | Date acquired | Total Checkouts | Full call number | Barcode | Date last seen | Date last checked out | Price effective from | Koha item type |
|---|---|---|---|---|---|---|---|---|---|---|---|---|---|
| Central Library (CL) | Central Library (CL) | 08/28/2013 | 1 | 332.1091 HEN | NBS6056 | 11/22/2017 | 07/31/2017 | 08/28/2013 | Book |
